Making sense of war :strategy for the 21st century / (Record no. 208655)

000 -LEADER
fixed length control field 01004 a2200277 4500
003 - CONTROL NUMBER IDENTIFIER
control field Nust
005 - DATE AND TIME OF LATEST TRANSACTION
control field 20170207164334.0
010 ## - LIBRARY OF CONGRESS CONTROL NUMBER
LC control number 2006011480
020 ## - INTERNATIONAL STANDARD BOOK NUMBER
International Standard Book Number 0521676649 (pbk.)
020 ## - INTERNATIONAL STANDARD BOOK NUMBER
International Standard Book Number 9780521676649
035 ## - SYSTEM CONTROL NUMBER
System control number (OCoLC)65978618
035 ## - SYSTEM CONTROL NUMBER
System control number (OCoLC)ocm65978618
040 ## - CATALOGING SOURCE
Transcribing agency Nust
082 00 - DEWEY DECIMAL CLASSIFICATION NUMBER
Classification number 355.0335
100 1# - MAIN ENTRY--PERSONAL NAME
Personal name Stephens, Alan,
245 10 - TITLE STATEMENT
Title Making sense of war :strategy for the 21st century /
Statement of responsibility, etc. Alan Stephens and Nicola Baker.
260 ## - PUBLICATION, DISTRIBUTION, ETC.
Place of publication, distribution, etc. Cambridge, UK ;
-- New York :
Name of publisher, distributor, etc. Cambridge University Press,
Date of publication, distribution, etc. 2006.
300 ## - PHYSICAL DESCRIPTION
Extent xiii, 291 p. ;
Dimensions 23 cm.
538 ## - SYSTEM DETAILS NOTE
System details note Almirah No.53 Shelf No.5
650 #0 - SUBJECT ADDED ENTRY--TOPICAL TERM
Topical term or geographic name entry element Military policy.
650 #0 - SUBJECT ADDED ENTRY--TOPICAL TERM
Topical term or geographic name entry element Strategy.
700 1# - ADDED ENTRY--PERSONAL NAME
Personal name Baker, Nicola,
856 41 - ELECTRONIC LOCATION AND ACCESS
Materials specified Contributor biographical information
Uniform Resource Identifier <a href="http://www.loc.gov/catdir/enhancements/fy0732/2006011480-b.html">http://www.loc.gov/catdir/enhancements/fy0732/2006011480-b.html</a>
856 41 - ELECTRONIC LOCATION AND ACCESS
Materials specified Publisher description
Uniform Resource Identifier <a href="http://www.loc.gov/catdir/enhancements/fy0664/2006011480-d.html">http://www.loc.gov/catdir/enhancements/fy0664/2006011480-d.html</a>
856 41 - ELECTRONIC LOCATION AND ACCESS
Materials specified Table of contents only
Uniform Resource Identifier <a href="http://www.loc.gov/catdir/toc/ecip0611/2006011480.html">http://www.loc.gov/catdir/toc/ecip0611/2006011480.html</a>
942 ## - ADDED ENTRY ELEMENTS (KOHA)
Source of classification or shelving scheme
Koha item type Book
Holdings
Withdrawn status Lost status Source of classification or shelving scheme Damaged status Not for loan Permanent Location Current Location Shelving location Date acquired Total Checkouts Full call number Barcode Date last seen Date last checked out Price effective from Koha item type Public note
          Military College of Signals (MCS) Military College of Signals (MCS) General Stacks 12/12/2016 1 355.0335,STE MCS37061 01/16/2026 01/02/2026 12/12/2016 Book Almirah No.52, Shelf No.5
© 2023 Central Library, National University of Sciences and Technology. All Rights Reserved.